Malta Immigration by Country - Statistics

General Stats
  • This quiz has been taken 145 times
  • The average score is 13 of 20
Answer Stats
# People Country of Origin % Correct
5,000 Italy
100%
25,018 United Kingdom
97%
3,650 United States
87%
3,000 Germany
79%
3,397 Libya
77%
1,740 Egypt
76%
2,145 Russia
75%
4,649 Canada
73%
2,900 Ukraine
66%
12,651 Australia
64%
3,000 Syria
62%
1,960 Romania
55%
1,650 Serbia
55%
4,100 Brazil
52%
1,410 Netherlands
51%
1,650 Bulgaria
49%
1,450 Sweden
49%
2,205 Somalia
37%
1,500 Philippines
34%
1,531 Eritrea
18%
No matching quizzes found
Score Distribution
Percent of People with Each Score
Percentile by Number Answered
Your Score History
You have not taken this quiz